Lithuanian mathematical journal.

Guardat en:
Dades bibliogràfiques
Títol anterior:Lithuanian mathematical transactions
Autor corporatiu: Consultants Bureau
Format: Revista
Idioma:English
Russian
Publicat: New York ; : Consultants Bureau,.
Matèries:
LEADER 02485nas a2200577 a 4500
001 c000188542
003 CARM
005 20051129102604.0
008 760910c19759999nyuqr1p 0 a0eng
010 |a 76645232 
019 1 |a 994622  |5 LACONCORD2021 
022 0 |a 0363-1672 
030 |a LMJTD6 
032 |a 015490  |b USPS 
035 |a (OCoLC)2422539  |5 LACONCORD2021 
040 |a LC  |b eng  |c LC  |d LC 
041 1 |a eng  |a rus 
042 |a lc  |a nsdp 
043 |a e-ur-li 
050 0 |a QA1  |b .L482 
082 0 4 |a 510/.5 
210 0 |a Lith. math. j 
222 0 |a Lithuanian mathematical journal 
245 0 0 |a Lithuanian mathematical journal. 
260 |a New York ; :  |b Consultants Bureau,. 
300 |a v. :  |b ill. ;  |c 28 cm. 
310 |a Quarterly 
362 0 |a v. 15- Jan./Mar. 1975- 
510 2 |a Mathematical reviews  |x 0025-5629 
510 2 |a Electronics and communications abstracts journal (Riverdale)  |x 0361-3313 
510 2 |a ISMEC bulletin  |x 0306-0039 
510 2 |a Pollution abstracts with indexes  |x 0032-3624 
510 2 |a Safety science abstracts journal  |x 0160-1342 
510 0 |a Zentralblatt für Mathematik 
515 |a Carries vol. numbering and date of the original. 
530 |a Also available via World Wide Web;  |b OCLC FirstSearch Electronic Collections Online;  |c Subscription required for access to abstracts and full text. 
580 |a Translation of: Litovskiĭ matematicheskiĭ sbornik. 
650 0 |a Mathematics  |v Periodicals. 
710 2 |a Consultants Bureau. 
765 0 |t Litovskiĭ matematicheskiĭ sbornik  |x 0132-2818  |w (DLC)sn 94022795  |w (OCoLC)1756027 
776 1 |t Lithuanian mathematical journal (Online : OCLC)  |w (OCoLC)48635629 
780 0 0 |t Lithuanian mathematical transactions  |x 0148-8279  |w (DLC) 76640010  |w (OCoLC)2245683 
852 8 |b CARM  |h A2:AO26B0  |i F00131  |p 0265144  |f SE 
852 8 |b CARM  |h A2:AO34F0  |i F00133  |p 0265689  |f SE 
852 8 |b CARM  |h A2:AO08B0  |i F00198  |p 0266127  |f SE 
866 0 |a 15(1975)-26(1986) 
866 0 |a 15(1975)-26(1986) 
999 f f |i c7f3c3f7-f57c-569f-b7ed-164b7f96701a  |s 190d7604-cf41-5e29-855f-1bff42af055d 
952 f f |p Can circulate  |a CAVAL  |b CAVAL  |c CAVAL  |d CARM 1 Store  |e F00131  |f A2:AO26B0  |h Other scheme  |i book  |k 16(1976);20(1980)-25(1985)  |m 0265144 
952 f f |p Can circulate  |a CAVAL  |b CAVAL  |c CAVAL  |d CARM 1 Store  |e F00198  |f A2:AO08B0  |h Other scheme  |i book  |k 15(1975);17(1977)-19(1979)  |m 0266127 
952 f f |p Can circulate  |a CAVAL  |b CAVAL  |c CAVAL  |d CARM 1 Store  |e F00133  |f A2:AO34F0  |h Other scheme  |i book  |k 26(1986)  |m 0265689